The Single European Market and Beyond / A Study of the Wider Implications of the Single European Act (Record no. 2706)
[ view plain ]
| 000 -LEADER | |
|---|---|
| fixed length control field | 01237cam a22001934a 4500 |
| 005 - ΗΜΕΡΟΜΗΝΙΑ ΚΑΙ ΩΡΑ ΤΕΛΕΥΤΑΙΑΣ ΕΝΗΜΕΡΩΣΗΣ | |
| Πεδίο ελέγχου | 20250605164051.0 |
| 008 - FIXED-LENGTH DATA ELEMENTS--GENERAL INFORMATION | |
| Πεδίο ελέγχου σταθερού μήκους | 250528s ||||||||||||||||||||||||d |
| 035 ## - SYSTEM CONTROL NUMBER | |
| System control number | 17278 |
| 020 ## - ISBN | |
| ISBN | 41506161 |
| 040 ## - ΠΗΓΗ ΚΑΤΑΛΟΓΟΓΡΑΦΗΣΗΣ | |
| Φορέας πρωτότυπης καταλογογράφησης | MC Athens Campus Library |
| Γλώσσα καταλογογράφησης | Ελληνικά, Μοντέρνα (1453-) |
| Modifying agency | MC Athens Campus Library |
| Κανόνες περιγραφικής καταλογογράφησης | AACR2 |
| 245 1# - ΤΙΤΛΟΣ ΚΑΙ ΔΗΛΩΣΗ ΥΠΕΥΘΥΝΟΤΗΤΑΣ | |
| Τίτλος | The Single European Market and Beyond / A Study of the Wider Implications of the Single European Act |
| 260 ## - PUBLICATION, DISTRIBUTION, ETC. | |
| Name of publisher, distributor, etc. | Rouledge, |
| Date of publication, distribution, etc. | 1993 |
| 300 ## - PHYSICAL DESCRIPTION | |
| Extent | 304 |
| 520 ## - SUMMARY, ETC. | |
| Summary, etc. | This book examines what the single market actually entails and looks at the other issues and implications of the Single European Act. Preface, Abbreviations, Setting the Scene, The Single Market and Beyond - An Overview, European Union and the Single European Act and the 1992 Program, Completing the 1992 Single Market, Standards and Procurement and Mergers and State Aids, The Fiscal Dimension of 1992, Banking and Financial Services, The Liberalization of Transport Services, The External Implications of 1992, Beyond 1992: Deepening and Widening, Onwards to EMU, The Social Charter and Other Issues, The European Community and the New Europe, Conclusion, A Forward View, The Treaty on European Union, Notes, Index. |
| 700 1# - ΠΡΟΣΘΕΤΗ ΑΝΑΓΡΑΦΗ--ΦΥΣΙΚΟ ΠΡΟΣΩΠΟ | |
| Personal name | Swann Dennis |
| 9 (RLIN) | 3438 |
| 942 ## - ADDED ENTRY ELEMENTS (KOHA) | |
| Koha item type | Books |
| Τύπος τεκμηρίου | Βιβλιοθήκη | Τρέχουσα τοποθεσία | Barcode | Αριθμός εισαγωγής | Ημερομηνία απόκτησης | Ταξιθετικό σύμβολο | Αριθμός αντιτύπου | Κατάσταση απόσυρσης | Κατάσταση χαμένου | Κατάσταση κατεστραμμένου | Μη δανεισμός | Σύνολο δανεισμών | Ημερομηνία τελευταίας εμφάνισης | Η τιμή ισχύει από |
|---|---|---|---|---|---|---|---|---|---|---|---|---|---|---|
| Books | MC Athens Campus Library | MC Athens Campus Library | 9780000027054 | 9433 | 05/06/2025 | 341.24/2 SWA | 1 | 05/06/2025 | 05/06/2025 |